[Event "Enschede op-C U14"]
[Site "Enschede"]
[Date "2009.08.07"]
[Round "7"]
[White "Borkent, Daniel"]
[Black "Brons, Dimitry"]
[Result "1/2-1/2"]
[WhiteElo "1459"]
[BlackElo "1313"]
[PlyCount "63"]
[EventDate "2009.08.03"]
[EventType "swiss"]
[EventRounds "7"]
[EventCountry "NED"]
[SourceTitle "CBM 132 Extra"]
[Source "ChessBase"]
[SourceDate "2009.11.03"]
[SourceVersion "1"]
[SourceVersionDate "2009.11.03"]
[SourceQuality "1"]

1. d4 d5 2. c4 c6 3. Bf4 Nf6 4. e3 e6 5. Nc3 Nbd7 6. Nf3 Bb4 7. Be2 Qa5 8. Qb3 Ne4 9. Rc1 dxc4 10. Bxc4 b5 11. Bd3 Nef6 12. h3 0-0 13. 0-0 Rd8 14. Ne4 Bb7 15. a3 Be7 16. Nxf6+ Nxf6 17. Rfd1 Rac8 18. Ne5 c5 19. Qxb5 Qxb5 20. Bxb5 cxd4 21. Rxc8 Rxc8 22. exd4 Rc2 23. Rc1 Rxb2 24. a4 Nd5 25. Bg3 h6 26. Nc4 Rb4 27. Na5 a6 28. Nxb7 axb5 29. a5 Ra4 30. Rc8+ Kh7 31. Ra8 b4 32. Nc5 1/2-1/2

[Event "Enschede op-C U14"]
[Site "Enschede"]
[Date "2009.08.05"]
[Round "6"]
[White "Knottnerus, Ivo"]
[Black "Brons, Dimitry"]
[Result "1/2-1/2"]
[WhiteElo "1722"]
[BlackElo "1313"]
[PlyCount "79"]
[EventDate "2009.08.03"]
[EventType "swiss"]
[EventRounds "7"]
[EventCountry "NED"]
[SourceTitle "CBM 132 Extra"]
[Source "ChessBase"]
[SourceDate "2009.11.03"]
[SourceVersion "1"]
[SourceVersionDate "2009.11.03"]
[SourceQuality "1"]

1. e4 c5 2. Nf3 Nc6 3. d4 cxd4 4. Nxd4 Nf6 5. Nc3 e5 6. Ndb5 d6 7. Bg5 a6 8. Bxf6 gxf6 9. Na3 b5 10. Nd5 f5 11. Bd3 Be6 12. c3 Bg7 13. Nc2 Ne7 14. Ncb4 0-0 15. Nxe7+ Qxe7 16. exf5 e4 17. fxe6 exd3 18. 0-0 fxe6 19. Qxd3 Be5 20. Nc6 Qh4 21. Nxe5 dxe5 22. Rae1 Rad8 23. Qe3 Rf5 24. Rd1 Rdf8 25. Qb6 Qf6 26. Rd6 Qg5 27. Rd7 Rxf2 28. Qxf2 Rxf2 29. Kxf2 Qf4+ 30. Kg1 Qe3+ 31. Kh1 Qe2 32. Rd8+ Kg7 33. Rdf8 Qxb2 34. R1f7+ Kg6 35. Rf1 Qxa2 36. Rg8+ Kh5 37. g4+ Kh4 38. Rf6 Qb1+ 39. Kg2 Qc2+ 40. Kf3 1/2-1/2